02176nam a2200301 i 4500003000900000005001700009007000300026008004100029020001800070040003300088041000800121084001200129100004300141245005900184250004500243260007300288264004300361300002500404336002700429337003300456338002800489490004400517500116800561650003801729650004201767650003601809650002901845CO-MqBPB20220603111604.0ta171002s2008 ck a g 000 0 spa  a9789585579200 aCO-MqBPBbspaerdacCO-MqBPB aspa aAN GARo1 aGarcía Márquez, Gabrield1928-201413aEl otoño del patriarca /cGabriel Gárcia Márquez aPrimera ediciónbSegunda reimpresión aBogotá D.C. , ColombiabPenguin Random House Grupo editorialc2022 1aBogotábVerticales de bolsilloc2008 a299 páginasc19 cm atextobtxt2rdacontent asin mediaciónbn2rdamedia avolumenbnc2rdacarrier0 aColección Premios Nobel de Literatura aGabriel García Márquez construyó, en El otoño del patriarca, una maquinaria narrativa perfecta que desgrana una historia universal -la agonía y muerte de un dictador- en forma cíclica, experimental y real al mismo tiempo, en seis bloques narrativos sin diálogos, sin puntos y aparte, repitiendo una anécdota siempre igual y siempre distinta, acumulando hechos y descripciones deslumbrantes. Novela escrita en Barcelona entre 1968 y 1975, El otoño del patriarca deja asomar en su trasfondo el acontecimiento más importante de la historia española de aquellos años, la muerte del general Franco, aunque su contexto y estilo sean, como siempre con García Márquez, el de la asombrosa realidad latinoamericana, que el autor ha elevado una vez más a la dignidad del mito. «Durante el fin de semana los gallinazos se metieron por los balcones de la casa presidencial, destrozaron a picotazos las mallas de alambre de las ventanas y removieron con sus alas el tiempo estancado en el interior, y en la madrugada del lunes la ciudad despertó de su letargo de siglos con una tibia y tierna brisa de muerto grande y de podrida grandeza.»17aNovela colombianaySiglo XX2LEMB17aLiteratura colombianaySiglo XX2LEMB17aRealismo mágicovNovela2LEMB17aDictadoresvNovela2LEMB